000 00696nam a2200289Ia 4500
005 20260324143928.0
008 008 260324s9999 xx 000 0 eng d
020 _a9781315740126
037 _aEBOOK
040 _aCRL
040 _beng
040 _cCRL
041 _2eng
041 _aeng
084 _qCRL
100 _aAnnie Besant
_9996543
245 4 _aThe Origins of Theosophy (Routledge Revivals)
245 0 _bAnnie Besant - The Atheist Years
260 _bTaylor and Francis
260 _c1990
365 _a
365 _b76.99
856 _uhttp://www.taylorfrancis.com/books/9781315740126
942 _cEBOOK
999 _c1823433
_d1823433